The Office Trivia #D - Statistics

General Stats
  • This quiz has been taken 72 times
  • The average score is 10 of 15
Answer Stats
Hint Answer % Correct
Name of the Paper company Dunder Mifflin
100%
Assistant to the Regional Manager Dwight Schrute
98%
Warehouse foreman Darryl Philbin
97%
Probably Stanleys most famous quote Did I stutter?
90%
The Offices version of the Oscars Dundies
88%
Indian festival the Office celebrates Diwali
87%
The worst part about Prison Dementors
80%
Michaels alter ego when in Date modus Date Mike
70%
Will Ferrels character Deangelo Vickers
62%
By many regarded as the best episode of The Office Dinner Party
43%
Michael dates her for some time Donna
43%
Name of Ryans baby Drake
38%
Gets fired instead of Creed Devon
32%
Fictional Language Dwight teaches Erin Dothraki
32%
Phrase taught to Michael by the above Dinkin Flicka
17%
No matching quizzes found
Score Distribution
Percent of People with Each Score
Percentile by Number Answered
Your Score History
You have not taken this quiz